000 01337nam0a2200313 4500
001 RU\NLR\bibl\957593
005 20260409073120.0
010 _a5-699-13640-1
_93000
021 _aRU
_b2006-27233
_91352
035 _a(NLR Aleph) 000945650
090 _a247614
_c247614
100 _a20060607d2006 u y0rusy50 ca
101 0 _arus
102 _aRU
105 _aa |||||||||
200 1 _aРиск-менеджмент
_eучебное пособие
_eпо специальности "Менеджмент организации"
_fК.В. Балдин
210 _aМосква
_cЭксмо
_d2006
215 _a364, [1] с.
_cил.
_d22
225 1 _aВысшее экономическое образование
300 _aНа обороте тит. л. авт.: Балдин К.В. - к.т.н., доц.
320 _aБиблиогр. в конце кн. (111 назв.)
606 _aРиск (экон.)
_xУправление
_jУчебные издания для высших учебных заведений
_3RU\NLR\auth\661254863
_92078995
686 _aУ9(2)-13(2Р)я73
700 1 _4070
_8rus
_7ca
_aБалдин
_bК. В.
_gКонстантин Васильевич
_3RU\NLR\auth\7776532
_959460
801 0 _aRU
_bNLR
_c20060607
_grcr
801 1 _aRU
_bNLR
_c20060607
942 _cBOOK
980 _aNB